Understanding Computers Today and Tomorrow Comprehensive (Record no. 253069)
[ view plain ]
| 000 -LEADER | |
|---|---|
| fixed length control field | 00339nam a22001217a 4500 |
| 008 - FIXED-LENGTH DATA ELEMENTS--GENERAL INFORMATION | |
| fixed length control field | 160401b xxu||||| |||| 00| 0 eng d |
| 020 ## - INTERNATIONAL STANDARD BOOK NUMBER | |
| International Standard Book Number | 9781133190011 |
| 050 ## - LIBRARY OF CONGRESS CALL NUMBER | |
| Classification number | QA76.5.P3182012 |
| 100 ## - MAIN ENTRY--PERSONAL NAME | |
| Personal name | Deborah Morley Charles S. Parker |
| 245 ## - TITLE STATEMENT | |
| Title | Understanding Computers Today and Tomorrow Comprehensive |
| 250 ## - EDITION STATEMENT | |
| Edition statement | 14TH ED |
| 260 ## - PUBLICATION, DISTRIBUTION, ETC. (IMPRINT) | |
| Date of publication, distribution, etc | 2013 |
| Withdrawn status | Lost status | Source of classification or shelving scheme | Damaged status | Koha normalized classification for sorting | Not for loan | Location (home branch) | Sublocation or collection (holding branch) | Shelving location | Date acquired | Koha issues (times borrowed) | Koha full call number | Piece designation (barcode) | Koha date last seen | Koha date last borrowed | Price effective from | Koha item type |
|---|---|---|---|---|---|---|---|---|---|---|---|---|---|---|---|---|
| Library of Congress Classification | QA00765 P3182012 | Rongo University Library | Rongo University Library | General Stacks | 01/04/2016 | 8 | QA76.5.P3182012 | 20090773 | 29/11/2019 | 23/11/2019 | 01/04/2016 | Long Loan Books |
